000 00804nam a22002417a 4500
003 DO-SdBNP
005 20171129145721.0
008 171116b 1991||| |||| 00| 0 spa d
020 _a9684228732
040 _aBPMSU
_bspa
_cBPMSU
082 _axxxxx
_bxxxxx
100 1 _aHopkins, Claude C.
245 1 0 _aMi vida en la publicidad y publicidad científica /
_cClaude C. Hopkins ; prólogo S. R. Bernstein ; traducción Isaac Dorfsman Figueroa
260 _aMéxico :
_bMcGraw-Hill,
_c1991.
300 _a251 p. ;
_c22 cm.
490 1 _aProfesional de publicidad
700 1 _aBernstein, S. R.,
_dpról.
700 1 _aDorfsman Figueroa, Isaac,
_dtr.
830 0 _aProfesional de publicaciones
942 _2ddc
_cBK
945 _aInventariado extranjero / 2017 YL
956 _aBTAVAREZ
_b10
_c20171116
_d0038
999 _c12909
_d12909